000 00920cab a2200241 4500
001 WB2724-22
008 090401t1991 xxu||||| |||| 00| 0 eng d
035 _a(Sirsi) u14048
041 _aeng
245 _aCrack-down on the greenhouse
260 _c1991
350 _a0
490 _aFinancial Times
_v19/6/91 p18
520 _aAccording to the US National Academy of Science `s "Policy implications of greenhouse warming - mitigation panel" report, simple and inexpensive energy-saving measures could cut US carbon dioxide emissions . Improving conservation and energy efficiency in buildings, phasing-out CFCs , reducing global deforestation are among key recommendations in the report.
650 _aENERGY POLICY
650 _aENERGY PRICING
650 _aGLOBAL WARMING
650 _aGREENHOUSE EFFECT
650 _aUNITED STATES
690 _aEnvironment
_96238
942 _n0
948 _c04/03/1997
999 _c9104
_d9104